| 000 | 01297nam a2200313 a 4500 | ||
|---|---|---|---|
| 001 | BRL_865 | ||
| 005 | 20190320210930.0 | ||
| 008 | 211013s1986----cn-ao#####---#000-0#eng-# | ||
| 020 | _a0774802642 | ||
| 041 | _aeng | ||
| 044 | _acn | ||
| 050 | 4 |
_aE78.N78 _b.J46 1986 |
|
| 100 | 1 |
_aJensen, Doreen _d1933- _925173 |
|
| 245 | 1 | 0 |
_aRobes of Power _bTotem Poles on Cloth _cDoreen Jensen and Polly Sargent ; chief researcher Jean McLaughlin ; foreword by Michael M. Ames. |
| 260 |
_aVancouver, Canada _bThe University of British Columbia Press ; The UBC Museum of Anthropology _c1986 |
||
| 300 |
_aviii, 86 p. _bil. (algunas a color) _c25 cm. |
||
| 440 | 0 |
_aMuseum note _v17 _925174 |
|
| 500 | _aAu974 | ||
| 504 | _aBibliografía: p. 83-84 | ||
| 650 | 1 | 4 |
_aIndígenas de America del Norte _xIndumentaria _zCosta Noroeste de América del Norte _925175 |
| 650 | 1 | 4 |
_aIndígenas de America del Norte _xRitos y ceremonias _zCosta Noroeste de América del Norte _925176 |
| 650 | 1 | 4 |
_aArte indígena _zCosta Noroeste de América del Norte _925108 |
| 650 | 1 | 4 |
_aIndígenas de America del Norte _xPrendas de vestir _zCosta Noroeste de América del Norte _925177 |
| 700 | 1 |
_aSargent, Polly _925178 |
|
| 700 | 1 |
_aMcLaughlin, Jean _925179 |
|
| 700 | 1 |
_aAmes, Michael M. _925180 |
|
| 902 | _aGRL | ||
| 942 |
_2lcc _cB |
||
| 999 |
_c9677 _d9677 |
||